Water supplies for fire protection /

Bibliographic Details
Corporate Author: International Fire Service Training Association
Format: Book
Language:English
Published: Stillwater, OK : Fire Protection Publications, Oklahoma State University, [1988]
Edition:4th ed.
Subjects:

MARC

Tag First Indicator Second Indicator Subfields
LEADER 00000cam a2200000 a 4500
001 in00000034155
005 20151007055221.0
008 880428s1988 okua s00100 eng d
010 |a  87083192  
020 |a 0879390735 (pbk.) 
035 |a (OCoLC)17862421 
035 |9 AAB7607AM 
040 |a NRM  |c NRM  |d TXA  |d UtOrBLW 
049 |a TXAM  |c [A10991080] 
082 0 4 |a 628.9/252 
090 |a TH9311  |b .W37 1988 
245 0 0 |a Water supplies for fire protection /  |c validated by the International Fire Service Training Association. 
246 1 8 |a IFSTA water supplies 
250 |a 4th ed. 
264 1 |a Stillwater, OK :  |b Fire Protection Publications, Oklahoma State University,  |c [1988] 
264 4 |c ©1988 
300 |a xiv, 268 pages :  |b illustrations (some color) ;  |c 28 cm. 
336 |a text  |b txt  |2 rdacontent 
337 |a unmediated  |b n  |2 rdamedia 
338 |a volume  |b nc  |2 rdacarrier 
500 |a Includes index. 
500 |a 35340"--Spine." 
650 0 |a Fire extinction  |x Water-supply. 
710 2 |a International Fire Service Training Association. 
999 |a MARS 
999 f f |s 9d902360-e3d9-339c-a5d5-629129237c98  |i a430b016-1c99-3d7c-8bb3-3e146e5b9774  |t 0 
952 f f |p ric  |a Texas A&M University  |b Rellis Campus  |c Joint Library Facility  |d Remote Storage  |t 0  |e TH9311 .W37 1988  |h Library of Congress classification  |i unmediated -- volume  |m A14822534975 
998 f f |a TH9311 .W37 1988  |t 0  |l Remote Storage